| 000 | 00466nam a2200157 4500 | ||
|---|---|---|---|
| 001 | 554 | ||
| 005 | 20181127161637.0 | ||
| 008 | 840529s1963 njua 000 0 eng | ||
| 010 | _a 63004088 | ||
| 100 | 1 |
_aStewart, Frank Moore, _d1917- |
|
| 245 | 1 | 0 | _aIntroduction to linear algebra. |
| 260 |
_aPrinceton, N.J. : _bVan Nostrand, _c1963. |
||
| 300 |
_a281 p. : _bill.; _c24 cm. |
||
| 440 | 4 | _aThe University series in undergraduate mathematics | |
| 650 | 0 | _aAlgebras, Linear. | |
| 999 |
_c419 _d419 |
||